000 00803nab a2200229u 4500
001 20497
003 HDC
007 c| |||a|c|aaaa
008 210304b20070719my ||||o |||| 00| 0 eng d
040 _aHDC
100 _aPeter Szafranski /
_eauthor
_918529
245 0 _aCanada extends safeguards against BSE /
_cPeter Szafranski
336 _atext
_2rdacontent
337 _acomputer
_2rdamedia
338 _aonline resource
_2rdacarrier
650 _aCanadian Food Inspection Agency (CFIA)
_918530
650 _aWorld Organization for Animal Health (OIE)
_918531
856 _zRequest full-text at [email protected]
942 _2lcc
942 _cNEWS
942 _kNWS0 004907
999 _c17813
_d17813